000 00664cam a22001697a 4500
020 _a1578262267 (pbk.)
020 _a9781578262267
050 0 0 _aRC 480.515
_b.D36 2006
100 1 _aDanielson, Nina.
245 1 0 _aWhat to do when your therapist isn't there :
_ba 24/7 guide to coping with life on your own /
_cNina Danielson.
260 _aNew York :
_bHatherleigh Press,
_cc2006.
300 _axiv, 226 p. ;
856 4 2 _uhttp://www.loc.gov/catdir/enhancements/fy0713/2007296090-b.html
856 4 2 _uhttp://www.loc.gov/catdir/enhancements/fy0713/2007296090-d.html
856 4 1 _uhttp://www.loc.gov/catdir/enhancements/fy0713/2007296090-t.html
942 _2lcc
_cGEN
999 _c6003
_d6003